000 00466nam a2200181Ia 4500
008 180921t2015 xxu||||| |||| 00| 0 sin d
041 _asin
080 _a8-31
_bPET
100 _aPeters, Lenrie
245 _aනිදහසේ නගරය
246 _aNidahase Nagaraya
260 _bAshirwada
_aMeerigama
_c2015
300 _a243p, 22cm
700 _aGunathilaka Metiyagane
_etr.
942 _cBK
999 _c11373
_d11373
003 LK-CoDNM
040 _aLK-CoDNM
_dLK-CoDNM
_eLK-CoDNM